| 000 | 00540nam a2200169Ia 4500 | ||
|---|---|---|---|
| 020 | _a0684852624(hb) | ||
| 082 |
_a324.22 _bWOO _cN-01, P-42 |
||
| 100 |
_aWoodward, Bob _937767 |
||
| 245 |
_aShadow _bfive presidents and the legacy of water gate |
||
| 260 |
_aNew York _bSimon and Schuster _c1999 |
||
| 300 | _a592p :ill. | ||
| 526 |
_a0 _b0 _c0 _d324_220000000000000_WOO |
||
| 650 |
_aNUST _96342 |
||
| 650 |
_aPresidents -- United States _937768 |
||
| 650 |
_aUnited States -- Politics and Government -- 1969-2000 _937769 |
||
| 942 |
_2ddc _cBK |
||
| 999 |
_c542555 _d542555 |
||